| 000 | 00621nam a22001577a 4500 | ||
|---|---|---|---|
| 003 | LRUA | ||
| 005 | 20191231140948.0 | ||
| 008 | 191231b xxu||||| |||| 00| 0 eng d | ||
| 040 | _cRUA | ||
| 082 | _aAVM YUN 2018 B654 Or.1 | ||
| 100 |
_914103 _aYUN SAMANG យុន សំអាង |
||
| 245 | _apresence of bacteria from chicken meat at thomtme market in phnom penh វត្តមានបាត់តេរីសាច់មាន់ក្នុងផ្សារធំថ្មី រាជធានីភ្នំពេញ | ||
| 260 |
_aRUA _bPhnom penh _c2018 |
||
| 300 |
_aviii;33p _bill; _c29cm |
||
| 942 |
_2ddc _cAVM |
||
| 999 |
_c18659 _d18659 |
||